000 00566cam8a220020500 4500
001 tmp15868604
003 UPRA
005 20190830130015.0
008 951108s1965 fr i eng u
010 _a 65006015
035 _a(Sirsi) r74212
035 _a(UPRA)tmp15868604
040 _cUPRA
110 2 _aUnesco.
_6A3932.1
245 1 4 _aThe art of writing :
_ban exhibition in fifty panels.
260 _a[Paris,
_c1965]
650 0 _aWriting -- History.
_xWriting -- History.
_6S6550.1
949 _a(O2) 1965/4
_wlcc
_mMAIN
_tBOOK
_lON-SHELF
004 74212
999 _c202350
_d202350